| 000 | 00737nam a2200205 a 4500 | ||
|---|---|---|---|
| 001 | 000034023 | ||
| 005 | 20240226141826.0 | ||
| 008 | 110921s1999 cl 000 0 spa d | ||
| 020 | _a9789583006654 | ||
| 040 |
_aDO-SdBNP _bspa _cBNPHU |
||
| 100 | 1 |
_aVerne, Julio, _d1828-1905 _91073 |
|
| 245 | 1 | 0 |
_aTribulaciones de un chino en China / _cJulio Verne ; versión abreviada de M. Rosa Duhart Silva; ilustración Andrés Julian. |
| 260 |
_aSantafé de Bogotá : _bPanamericana de Editores, _c1999. |
||
| 300 |
_a166 p. ; _c23 cm. |
||
| 500 | _aTercera reimpresión 2007 | ||
| 500 | _aIncluye datos biográficos del autor en la solapa | ||
| 700 | 1 |
_aDuhart Silva, M. Rosa _959472 |
|
| 700 | 1 |
_aJulian, Andrés _eil. _951674 |
|
| 049 | _aBNPD | ||
| 999 |
_c33514 _d33514 |
||